Trattato di diritto parlamentare / (Record no. 183437)

MARC details
000 -LEADER
campo de control de longitud fija 00996nam a2200217 i 4500
001 - NÚMERO DE CONTROL
campo de control 183437
003 - IDENTIFICADOR DE NÚMERO DE CONTROL
campo de control ES-MaACL
005 - FECHA Y HORA DE LA ÚLTIMA TRANSACCIÓN
campo de control 20230906221907.0
008 - DATOS DE LONGITUD FIJA--INFORMACIÓN GENERAL
campo de control de longitud fija 140422s1888 it |||| | ita d
100 1# - ENTRADA PRINCIPAL--NOMBRE DE PERSONA
Nombre de persona Poudra, Jules.
9 (RLIN) 154756
245 13 - MENCIÓN DEL TÍTULO
Título Trattato di diritto parlamentare /
Mención de responsabilidad, etc. G. Poudra e E. Pierre. La tattica parlamentare / G. Bentham e S. Dumont.
260 ## - PUBLICACIÓN, DISTRIBUCIÓN, ETC.
Lugar de publicación, distribución, etc. Torino :
Nombre del editor, distribuidor, etc. Unione Tipografico-Editrice,
Fecha de publicación, distribución, etc. 1888.
300 ## - DESCRIPCIÓN FÍSICA
Extensión 844 p. ;
Dimensiones 24 cm.
490 1# - MENCIÓN DE SERIE
Mención de serie Biblioteca di scienze politiche: scelta collezione delle più importanti opere moderne italiane e straniere di scienze politiche / diretta da Attilio Brunialti ;
Designación de volumen o secuencia 4-2
700 0# - ENTRADA AGREGADA--NOMBRE PERSONAL
Nombre de persona Pierre, Eugene.
9 (RLIN) 91955
700 1# - ENTRADA AGREGADA--NOMBRE PERSONAL
Nombre de persona Bentham, Jeremy.
9 (RLIN) 27787
700 1# - ENTRADA AGREGADA--NOMBRE PERSONAL
Nombre de persona Dumont, S.
9 (RLIN) 154757
830 0# - PUNTO DE ACCESO ADICIONAL DE SERIE-TÍTULO UNIFORME
Título uniforme Biblioteca di scienze politiche: scelta collezione delle più importanti opere moderne italiane e straniere di scienze politiche / diretta da Attilio Brunialti ;
Designación de volumen o secuencia 4-2
9 (RLIN) 191986
852 ## - LOCALIZACIÓN
Ubicación ES-MaACL
Número de control de estantería B-1317
Holdings
Estatus retirado Estado de pérdida Estado de daño No para préstamo Colección Biblioteca de origen Biblioteca actual Ubicación en estantería Fecha de adquisición Fuente de adquisición Total de préstamos Signatura topográfica completa Código de barras Visto por última vez Precio de reemplazo Tipo de ítem Koha
        Libros del s. XIX Biblioteca del Ateneo de Madrid Biblioteca del Ateneo de Madrid Sala Pardo Bazán 22/04/2014     B-9317 1192804 23/02/2023 23/02/2023 Libro impreso antiguo